Fekete Lajos az élhető világ megteremtője

Bibliographic Details
Main Author: Ozogány, Ernő, 1951-2017 (Author)
Format: Article
Language:Hungarian
ISSN:1335-6593
Subjects:

MARC

LEADER 00000nab a2200000 ar4500
001 vtls008999935
003 SK-MaSNL
005 20260319071230.0
008 070619c2007 xo |||||||| |000 b|hun
015 |a SNBRB2007/06  |2 snkbucl 
038 |a SNKBUCL 
040 |a DSZK  |b slo  |c DSZK  |e AACR2 
041 0 |a hun 
044 |a xo  |c SK 
080 |a 630-051  |2 1997 
080 |a 929 Fekete, Lajos  |2 1997 
100 1 |a Ozogány, Ernő,  |d 1951-2017  |4 aut  |9 101476 
245 1 0 |a Fekete Lajos  |b az élhető világ megteremtője  |c Ozogány Ernő 
600 1 7 |a Fekete, Ľudovít,  |d 1837-1916  |2 snkbucl  |9 166018 
773 0 |t Tábortűz  |g Évf. 56, sz. május (2007), o. 14  |x 1335-6593 
852 |a SNK  |b KIS3GCP 
852 |a DSZK  |b KIS3GCP 
958 |a HU 
958 |a SK 
958 |a BX 
999 |c 1748813  |d 1750743